La sombra del caudillo

שמור ב:
מידע ביבליוגרפי
מחבר ראשי: Guzmán, Martín Luis
פורמט: ספר
שפה:Undetermined
יצא לאור: México, Distrito Federal Compañia de Ediciones 1967
מהדורה:9
נושאים:
תגים: הוספת תג
אין תגיות, היה/י הראשונ/ה לתייג את הרשומה!

MARC

LEADER 00000nam a2200000Ia 4500
008 170316s9999 xx 000 0 und d
040 |a cru BVZT 
090 |a 860 G-41s 
100 |a Guzmán, Martín Luis 
245 |a La sombra del caudillo 
250 |a 9 
260 |a México, Distrito Federal 
260 |b Compañia de Ediciones 
260 |c 1967 
300 |a 262 páginas 
650 |a LITERATURA LATINOAMERICANA 
999 |c 8795  |d 8795 
942 |c 15 D  |h 860 G-41s  |2 z